Cities in Guangdong - Statistics

General Stats
  • This quiz has been taken 45 times
  • The average score is 14 of 21
Answer Stats
Population City % Correct
10,640,000 Guangzhou
97%
10,360,000 Shenzhen
97%
7,270,000 Dongguan
89%
6,770,000 Foshan
84%
1,810,000 Huizhou
74%
3,640,000 Shantou
74%
1,370,000 Zhuhai
74%
2,740,000 Zhongshan
71%
1,260,000 Chaozhou
68%
1,040,000 Zhanjiang
66%
1,480,000 Jiangmen
63%
1,030,000 Maoming
61%
920,000 Qingyuan
61%
610,000 Meizhou
58%
560,000 Zhaoqing
58%
1,230,000 Jieyang
55%
450,000 Heyuan
50%
580,000 Shanwei
47%
730,000 Shaoguan
47%
260,000 Yunfu
47%
500,000 Yangjiang
37%
No matching quizzes found
Score Distribution
Percent of People with Each Score
Percentile by Number Answered
Your Score History
You have not taken this quiz